=LDR 00000nam 2200000 4500 =001 INLIS000000000001440 =005 20130612085838 =008 ***********************************Ind** =035 ##$$0010-061300000001440 =041 ##$$a Ind =082 ##$$a 810 =090 ##$$a 810, Ant-a =245 ##$$a Antropology of ASEAN Literatures, The Islamic period in Indonesia literature =260 ##$$a 1994 $b [s.l] =300 ##$$a viii, 457 hlm, 21 cm =650 ##$$a Kesusastraan Indonesia =850 ##$$a NBPNMAT